000 00440nmm a2200145Ia 4500
008 251105s9999||||xx |||||||||||||||||und||
041 _aspa
100 _aWillingham, Michelle
245 0 _aOlvidada por su esposo
264 _a[Madrid, España] :
_bHarlequin,
_c[Fecha de publicación no identificada]
300 _a0 páginas
650 _aHistorical fiction
856 _uhttps://public.digitaliapublishing.com/a/96337
942 _cCF
999 _c101507
_d101507